000 00472nam a2200121Ia 4500
008 220620s9999||||xx |||||||||||||| ||und||
245 0 _aEmotions in Late Modernity
546 _aEnglish[eng]
650 _aSociety and culture: general||Sociology
700 _aPatulny, Roger||Bellocchi, Alberto||Olson, Rebecca E.||Khorana, Sukhmani||McKenzie, Jordan||Peterie, Michelle
856 _uhttps://library.oapen.org/bitstream/20.500.12657/43069/1/9781351133302.pdf
942 _cEB
999 _c21602
_d21602